The secret warning / (Record no. 14534)
[ view plain ]
| 000 -LEADER | |
|---|---|
| fixed length control field | 02068nam a22003617a 4500 |
| 005 - DATE AND TIME OF LATEST TRANSACTION | |
| control field | 20080722152635.0 |
| 008 - FIXED-LENGTH DATA ELEMENTS--GENERAL INFORMATION | |
| fixed length control field | 080722t xxu||||| |||| 00| 1 eng d |
| 020 ## - INTERNATIONAL STANDARD BOOK NUMBER | |
| International Standard Book Number | 0448089173 |
| Terms of availability | 135.00 |
| 020 ## - INTERNATIONAL STANDARD BOOK NUMBER | |
| International Standard Book Number | 9780448089171 |
| 035 ## - SYSTEM CONTROL NUMBER | |
| System control number | B--264867-872 |
| 037 ## - SOURCE OF ACQUISITION | |
| Stock number | Blueberry/8.05.08/4439/8.4.08/5.6.08 |
| 040 ## - CATALOGING SOURCE | |
| Original cataloging agency | DDC |
| 082 ## - DEWEY DECIMAL CLASSIFICATION NUMBER | |
| Classification number | S |
| 100 ## - MAIN ENTRY--PERSONAL NAME | |
| Personal name | Dixon, Franklin W. |
| 245 ## - TITLE STATEMENT | |
| Title | The secret warning / |
| Statement of responsibility, etc | Franklin W. Dixon |
| 260 ## - PUBLICATION, DISTRIBUTION, ETC. (IMPRINT) | |
| Place of publication, distribution, etc | New York |
| Name of publisher, distributor, etc | Grosset & Dunlop |
| Date of publication, distribution, etc | 2005 |
| 260 ## - PUBLICATION, DISTRIBUTION, ETC. (IMPRINT) | |
| Place of publication, distribution, etc | New Delhi |
| Name of publisher, distributor, etc | Blue Berry (Vendor) |
| Date of publication, distribution, etc | 2005 |
| 300 ## - PHYSICAL DESCRIPTION | |
| Extent | 176 p. : |
| Dimensions | 20 cm. |
| Other physical details | ill ; |
| 490 ## - SERIES STATEMENT | |
| Series statement | The Hardy boys mystery stories ; |
| Volume number/sequential designation | 17 |
| 520 ## - SUMMARY, ETC. | |
| Summary, etc | Their search for an Easter Island idol takes the Hardy boys to Easter Island and on to investigate the theft of government material in Antarctica. |
| 650 ## - SUBJECT ADDED ENTRY--TOPICAL TERM | |
| Topical term or geographic name as entry element | Mystery and detective stories. |
| 651 ## - SUBJECT ADDED ENTRY--GEOGRAPHIC NAME | |
| Geographic name | Easter Island |
| General subdivision | Fiction. |
| 651 ## - SUBJECT ADDED ENTRY--GEOGRAPHIC NAME | |
| Geographic name | Antarctica |
| General subdivision | Fiction. |
| 942 ## - ADDED ENTRY ELEMENTS (KOHA) | |
| Source of classification or shelving scheme | Dewey Decimal Classification |
| Item type | Children Books |
| Classification part | N |
| Call number suffix | DIX |
| Withdrawn status | Lost status | Source of classification or shelving scheme | Damaged status | Not for loan | Collection code | Home library | Current library | Date acquired | Cost, normal purchase price | Total Checkouts | Full call number | Barcode | Date last seen | Copy number | Cost, replacement price | Koha item type | Source of acquisition |
|---|---|---|---|---|---|---|---|---|---|---|---|---|---|---|---|---|---|
| Dewey Decimal Classification | Fiction | Bawana | Bawana | 22/07/2008 | 135.00 | 1 | S / DIX | B-264871 | 27/03/2019 | 1 | 135.00 | Children Books | |||||
| Dewey Decimal Classification | Fiction | Central Library | Central Library | 22/07/2008 | 135.00 | 2 | S / DIX | B-264867 | 27/10/2018 | 1 | 135.00 | Children Books | |||||
| Dewey Decimal Classification | Fiction | Patel Nagar | Patel Nagar | 22/07/2008 | 135.00 | 7 | S / DIX | B-264868 | 01/09/2022 | 1 | 135.00 | Children Books | |||||
| Dewey Decimal Classification | Fiction | Peshwa Road | Peshwa Road | 22/07/2008 | 135.00 | S / DIX | B-264869 | 15/09/2008 | 1 | 135.00 | Children Books | ||||||
| Dewey Decimal Classification | Fiction | Sarojini Nagar | Sarojini Nagar | 22/07/2008 | 135.00 | S / DIX | B-264870 | 15/09/2008 | 1 | 135.00 | Children Books | ||||||
| Dewey Decimal Classification | Fiction | Shahdara Branch | Shahdara Branch | 22/07/2008 | 135.00 | 1 | S / DIX | B-264872 | 19/09/2018 | 1 | 135.00 | Children Books | |||||
| Fiction | Vinoba Puri | Vinoba Puri | 02/09/2008 | 135.00 | 7 | N DIX | B-284686 | 24/03/2023 | 1 | 135.00 | Children Books | Blueberry/4571/19.8.08/192/21.7.08/19.8.08 |
